{"text_format":"1","workbook":"xlsx","n_sheets":3,"sheets":["Feuil1","Stock","11_2016"],"not_rendered":{"charts":0,"images":7,"macros":1,"external_links":0,"defined_names":19,"comments":0,"pivot_tables":1},"unopened":[],"bounds":{"document_bytes":16777216,"sheet_cells":100000,"rows_first":2000,"rows_last":500,"rows_between":2000,"halvings":0,"cell_chars":16384,"cell_head_chars":4096},"cells_cut":0,"cells_raw":0,"read":"whole","date_system":"1900"}

{"sheet":"Feuil1","index":0,"n_rows":15,"n_cols":3,"rows_kept":15,"cut":false,"hidden":true,"merged":[]}
["Champ calculé"]
["Ordre de résolution","Champ","Formule"]
[2,"Champ2","='Doit rester'-'Sous-total AP'"]
[5,"Champ5","='Sous-total AP'-RG"]
[8,"Restes (-RG","='Doit rester (sans RG)'-Champ5"]
[]
["Élément calculé"]
["Ordre de résolution","Élément","Formule"]
[]
[]
["Commentaire :","Quand une cellule est mise à jour avec plus d'une formule,"]
[null,"la valeur est établie par la dernière formule dans l'ordre de résolution."]
[]
[null,"Pour modifier l'ordre de résolution de plusieurs champs ou éléments calculés,"]
[null,"dans l’onglet Options, groupe Calculs, cliquez sur Champs, éléments et jeux, puis sur Ordre de résolution."]

{"sheet":"Stock","index":1,"n_rows":94,"n_cols":22,"rows_kept":94,"cut":false,"hidden":false,"merged":[[2,20,3,21],[4,20,4,21],[6,21,7,21],[4,5,4,7],[9,14,9,16],[9,11,9,13],[9,17,9,19],[6,20,7,20],[8,5,8,6],[5,5,5,7],[8,8,8,9],[2,4,2,5],[6,5,6,7],[6,8,6,10],[6,1,6,4],[8,1,8,3],[5,1,5,4],[0,1,0,19],[7,1,7,3],[7,5,7,6],[2,1,2,3],[4,8,4,10],[3,1,3,10],[5,8,5,10],[7,8,7,9],[4,1,4,4]]}
[null,"EARL DU MESNIL  Stock EDV"]
[]
[null,"Date :",null,null,"EDV_11_2016",null,null,null,null,null,null,null,null,null,null,null,null,null,null,null,"Calcul de l'évaporation de la RG"]
[null,"Total AP"]
[null,"Avec RG*",null,null,null,"Sans RG",null,null,"RG seul"]
[null,{"$f":"GETPIVOTDATA(\"Total AP\",$B$11)","v":867.25240000000031},null,null,null,{"$f":"GETPIVOTDATA(\"Total AP (-RG) \",$B$11)","v":854.99810000000025},null,null,{"$f":"GETPIVOTDATA(\"RG \",$B$11)","v":12.254300000000001},null,null,null,null,null,null,null,null,null,null,null,"% évapo :",3.6499999999999998E-2]
[null,null,null,null,null,"Evaporation",null,null,null,null,null,null,null,null,null,null,null,null,null,null,"Manquants","RG après evapo"]
[null,"Manquants",null,null,"%","Manquants",null,"%","Manquants",null,"%"]
[null,{"$f":"GETPIVOTDATA(\"Manquants (avec RG) \",$B$11)","v":15.534599999999614},null,null,{"$f":"SUM(B9/GETPIVOTDATA(\"Doit rester \",$B$11))","v":1.7597223339264868E-2},{"$f":"GETPIVOTDATA(\"Manquants (-RG) \",$B$11)","v":15.534599999999728},null,{"$f":"F9/GETPIVOTDATA(\"Doit rester (-RG) \",$B$11)","v":1.7844935635387076E-2},{"$f":"GETPIVOTDATA(\"Manquants RG \",$B$11)","v":0},null,{"$f":"I9/GETPIVOTDATA(\"RG N-1 \",$B$11)","v":0},null,null,null,null,null,null,null,null,null,{"$f":"GETPIVOTDATA(\"RG N-1 \",$B$11)*V6","v":0.44728194999999998},{"$f":"GETPIVOTDATA(\"RG N-1 \",$B$11)-U9","v":11.80701805}]
[null,"*Réserve de Gestion",null,null,null,null,null,null,null,null,null,"Total AP avec réserve de gestion",null,null,"Total AP sans réserve de gestion",null,null,"Réserve de gestion seul"]
[null,"Cru","Lieu","Récolte","Lot","N° Chai","Capacité des fûts","Nbre ","Vidange ","Vol total  (HL) ","Degré ","Doit rester ","Total AP","Manquants (avec RG) ","Doit rester (-RG) ","Total AP (-RG) ","Manquants (-RG) ","RG N-1 ","RG ","Manquants RG "]
[null,"PC","STE",93,"C 010","STE 2","VID/2,50",1,2.2599999999999998,2.2599999999999998,0.42,0.94920000000000004,0.94920000000000004,0,0.94920000000000004,0.94920000000000004,0,null,null,0]
[null,null,null,"Total 93",null,null,null,1,2.2599999999999998,2.2599999999999998,0.42,0.94920000000000004,0.94920000000000004,0,0.94920000000000004,0.94920000000000004,0,null,null,0]
[null,null,null,10,"H","STE 2","VID/4,00",0,0,0,null,0,0,0,0,0,0,null,null,0]
[null,null,null,"Total 10",null,null,null,0,0,0,null,0,0,0,0,0,0,null,null,0]
[null,null,null,11,"H","STE 2",5.0999999999999996,2,null,10.199999999999999,0.68799999999999994,null,7.0175999999999998,-7.0175999999999998,0,7.0175999999999998,-7.0175999999999998,null,null,0]
[null,null,null,null,null,null,5,5,null,25,0.68799999999999994,null,17.2,-17.2,0,17.2,-17.2,null,null,0]
[null,null,null,null,null,null,4.0999999999999996,1,null,4.0999999999999996,0.68799999999999994,27.864000000000001,2.8208000000000002,25.043199999999999,19.841100000000001,-5.2020999999999997,25.043199999999999,8.0228999999999999,8.0228999999999999,0]
[null,null,null,null,null,null,"VID/4,00",1,1.2,1.2,0.68799999999999994,null,0.8256,-0.8256,0,0.8256,-0.8256,null,null,0]
[null,null,null,"Total 11",null,null,null,9,1.2,40.500000000000007,0.68799999999999994,27.864000000000001,27.863999999999997,0,19.841100000000001,19.841099999999997,0,8.0228999999999999,8.0228999999999999,0]
[null,null,null,12,"RM","STE 1","VID/",0,0,0,0.7,2.2345000000000002,0,2.2345000000000002,2.2345000000000002,0,2.2345000000000002,null,null,0]
[null,null,null,null,"H","STE 2","VID/",0,null,0,0.67500000000000004,0,0,0,0,0,0,null,null,0]
[null,null,null,"Total 12",null,null,null,0,0,0,0.6875,2.2345000000000002,0,2.2345000000000002,2.2345000000000002,0,2.2345000000000002,null,null,0]
[null,null,null,13,"RM","STE 1",3.6,11,null,39.6,0.70299999999999996,null,27.838799999999999,-27.838799999999999,0,27.838799999999999,-27.838799999999999,null,null,0]
[null,null,null,null,null,null,3.5,4,null,14,0.70299999999999996,75.033900000000003,9.8420000000000005,65.191900000000004,75.033900000000003,9.8420000000000005,65.191900000000004,null,null,0]
[null,null,null,null,null,null,3.55,13,null,46.15,0.70299999999999996,null,32.4435,-32.4435,0,32.4435,-32.4435,null,null,0]
[null,null,null,null,null,null,3.75,1,null,3.75,0.70299999999999996,null,2.6362999999999999,-2.6362999999999999,0,2.6362999999999999,-2.6362999999999999,null,null,0]
[null,null,null,null,null,null,"VID/3,55",1,0.25,0.25,0.70299999999999996,null,0.17580000000000001,-0.17580000000000001,0,0.17580000000000001,-0.17580000000000001,null,null,0]
[null,null,null,null,"H","STE 2","VID/",0,0,0,0.68799999999999994,16.8613,16.8613,0,16.8613,16.8613,0,null,null,0]
[null,null,null,"Total 13",null,null,null,30,0.25,103.75,0.7004999999999999,91.895200000000003,89.797700000000006,2.0974999999999966,91.895200000000003,89.797700000000006,2.0974999999999966,null,null,0]
[null,null,null,14,"RM","STE 1",3.5,15,null,52.5,0.70699999999999996,null,37.1175,-37.1175,0,37.1175,-37.1175,null,null,0]
[null,null,null,null,null,null,3.55,2,null,7.1,0.70699999999999996,null,5.0197000000000003,-5.0197000000000003,0,5.0197000000000003,-5.0197000000000003,null,null,0]
[null,null,null,null,null,null,3.45,12,null,41.400000000000006,0.70699999999999996,75.757000000000005,29.2698,46.487200000000001,75.757000000000005,29.2698,46.487200000000001,null,null,0]
[null,null,null,null,null,null,"VID/3,45",1,1.44,1.44,0.70699999999999996,null,1.0181,-1.0181,0,1.0181,-1.0181,null,null,0]
[null,null,null,null,"H","STE 2",5.2,10,null,52,0.70699999999999996,null,36.764000000000003,-36.764000000000003,0,36.764000000000003,-36.764000000000003,null,null,0]
[null,null,null,null,null,null,4,29,null,116,0.70699999999999996,148.16499999999999,82.012,66.152999999999992,148.16499999999999,82.012,66.152999999999992,null,null,0]
[null,null,null,null,null,null,4.0999999999999996,9,null,36.9,0.70699999999999996,null,26.0883,-26.0883,0,26.0883,-26.0883,null,null,0]
[null,null,null,null,null,null,"VID/4,00",1,2.5299999999999998,2.5299999999999998,0.70699999999999996,null,1.7887,-1.7887,0,1.7887,-1.7887,null,null,0]
[null,null,null,null,null,null,"PE/4,00",1,4,4,0.378,null,1.512,-1.512,0,1.512,-1.512,null,null,0]
[null,null,null,"Total 14",null,null,null,80,7.97,313.86999999999995,0.6704444444444444,223.922,220.59010000000001,3.3318999999999903,223.922,220.59010000000001,3.3318999999999903,null,null,0]
[null,null,null,94,"C 010","STE 2","VID/3,40",1,2.65,2.65,0.57399999999999995,1.5210999999999999,1.5210999999999999,0,1.5210999999999999,1.5210999999999999,0,null,null,0]
[null,null,null,"Total 94",null,null,null,1,2.65,2.65,0.57399999999999995,1.5210999999999999,1.5210999999999999,0,1.5210999999999999,1.5210999999999999,0,null,null,0]
[null,null,null,15,"RM","STE 2",4.03,4,null,16.12,0.70299999999999996,null,11.3324,-11.3324,0,11.3324,-11.3324,null,null,0]
[null,null,null,null,null,"STE 1",3.6,1,null,3.6,0.70299999999999996,77.430000000000007,2.5308000000000002,74.899200000000008,77.430000000000007,2.5308000000000002,74.899200000000008,null,null,0]
[null,null,null,null,null,null,3.5,5,null,17.5,0.70299999999999996,null,12.3025,-12.3025,0,12.3025,-12.3025,null,null,0]
[null,null,null,null,null,null,3.55,20,null,71,0.70299999999999996,null,49.912999999999997,-49.912999999999997,0,49.912999999999997,-49.912999999999997,null,null,0]
[null,null,null,null,"H","STE 2",4.0999999999999996,6,null,24.599999999999998,0.71199999999999997,130.44120000000001,17.5152,112.92600000000002,130.44120000000001,17.5152,112.92600000000002,null,null,0]
[null,null,null,null,null,null,4.03,37,null,149.11000000000001,0.71199999999999997,null,106.16630000000001,-106.16630000000001,0,106.16630000000001,-106.16630000000001,null,null,0]
[null,null,null,null,null,null,"T 61 ",null,4.04,4.04,0.71199999999999997,null,2.8765000000000001,-2.8765000000000001,0,2.8765000000000001,-2.8765000000000001,null,null,0]
[null,null,null,null,null,null,"T80",null,3.34,3.34,0.71199999999999997,null,2.3780999999999999,-2.3780999999999999,0,2.3780999999999999,-2.3780999999999999,null,null,0]
[null,null,null,null,null,null,"VID/4,03",null,2.2599999999999998,2.2599999999999998,0.71199999999999997,null,1.6091,-1.6091,0,1.6091,-1.6091,null,null,0]
[null,null,null,"Total 15",null,null,null,73,9.64,291.57,0.70799999999999985,207.87120000000002,206.62389999999999,1.2473000000000241,207.87120000000002,206.62389999999999,1.2473000000000241,null,null,0]
[null,"GC","STE",11,"RM","STE 2","VID/4,00",0,0,0,null,0,0,0,0,0,0,null,null,0]
[null,null,null,"Total 11",null,null,null,0,0,0,null,0,0,0,0,0,0,null,null,0]
[null,null,null,12,"RM","STE 1","VID/",0,0,0,0.70299999999999996,1.4601,0,1.4601,1.4601,0,1.4601,null,null,0]
[null,null,null,"Total 12",null,null,null,0,0,0,0.70299999999999996,1.4601,0,1.4601,1.4601,0,1.4601,null,null,0]
[null,null,null,13,"RM","STE 1",3.6,6,null,21.6,0.70099999999999996,null,15.1416,-15.1416,0,15.1416,-15.1416,null,null,0]
[null,null,null,null,null,null,3.5,2,null,7,0.70099999999999996,null,4.907,-4.907,0,4.907,-4.907,null,null,0]
[null,null,null,null,null,null,3.2,1,null,3.2,0.70099999999999996,null,2.2431999999999999,-2.2431999999999999,0,2.2431999999999999,-2.2431999999999999,null,null,0]
[null,null,null,null,null,null,3.55,6,null,21.299999999999997,0.70099999999999996,null,14.9313,-14.9313,0,14.9313,-14.9313,null,null,0]
[null,null,null,null,null,null,3.65,1,null,3.65,0.70099999999999996,null,2.5587,-2.5587,0,2.5587,-2.5587,null,null,0]
[null,null,null,null,null,null,2,1,null,2,0.70099999999999996,42.781999999999996,1.4019999999999999,41.379999999999995,42.781999999999996,1.4019999999999999,41.379999999999995,null,null,0]
[null,null,null,"Total 13",null,null,null,17,null,58.749999999999993,0.70099999999999996,42.781999999999996,41.183800000000005,1.5981999999999914,42.781999999999996,41.183800000000005,1.5981999999999914,null,null,0]
[null,null,null,14,"RM","STE 1",3.5,11,null,38.5,0.70699999999999996,null,27.2195,-27.2195,0,27.2195,-27.2195,null,null,0]
[null,null,null,null,null,null,3.55,2,null,7.1,0.70699999999999996,null,5.0197000000000003,-5.0197000000000003,0,5.0197000000000003,-5.0197000000000003,null,null,0]
[null,null,null,null,null,null,3.45,4,null,13.8,0.70699999999999996,43.627000000000002,9.7566000000000006,33.870400000000004,43.627000000000002,9.7566000000000006,33.870400000000004,null,null,0]
[null,null,null,null,null,null,"VID/3,55",1,1.44,1.44,0.70699999999999996,null,1.0181,-1.0181,0,1.0181,-1.0181,null,null,0]
[null,null,null,"Total 14",null,null,null,18,1.44,60.84,0.70699999999999996,43.627000000000002,43.013899999999992,0.61310000000000997,43.627000000000002,43.013899999999992,0.61310000000000997,null,null,0]
[null,null,null,15,"RM","STE 1",3.6,4,null,14.4,0.70799999999999996,null,10.1952,-10.1952,0,10.1952,-10.1952,null,null,0]
[null,null,null,null,null,null,3.5,4,null,14,0.70799999999999996,null,9.9120000000000008,-9.9120000000000008,0,9.9120000000000008,-9.9120000000000008,null,null,0]
[null,null,null,null,null,null,3.55,6,null,21.299999999999997,0.70799999999999996,null,15.080399999999999,-15.080399999999999,0,15.080399999999999,-15.080399999999999,null,null,0]
[null,null,null,null,null,null,3.65,3,null,10.95,0.70799999999999996,45.525100000000002,7.7526000000000002,37.772500000000001,45.525100000000002,7.7526000000000002,37.772500000000001,null,null,0]
[null,null,null,null,null,null,"VID/3,55",1,2.64,2.64,0.70799999999999996,null,1.8691,-1.8691,0,1.8691,-1.8691,null,null,0]
[null,null,null,null,"H","STE 2","VID/4,10",1,2.08,2.08,0.71299999999999997,null,1.4830000000000001,-1.4830000000000001,0,1.4830000000000001,-1.4830000000000001,null,null,0]
[null,null,null,null,null,null,4.03,18,null,72.540000000000006,0.71299999999999997,53.207999999999998,51.720999999999997,1.4870000000000019,53.207999999999998,51.720999999999997,1.4870000000000019,null,null,0]
[null,null,null,"Total 15",null,null,null,37,4.7200000000000006,137.91,0.70942857142857141,98.733100000000007,98.013299999999987,0.71980000000002065,98.733100000000007,98.013299999999987,0.71980000000002065,null,null,0]
[null,null,"Juillac",10,"H","J 1","VID/5,20",0,0,0,0.67200000000000004,6.9999999999999999E-4,6.9999999999999999E-4,0,6.9999999999999999E-4,6.9999999999999999E-4,0,null,null,0]
[null,null,null,"Total 10",null,null,null,0,0,0,0.67200000000000004,6.9999999999999999E-4,6.9999999999999999E-4,0,6.9999999999999999E-4,6.9999999999999999E-4,0,null,null,0]
[null,null,null,11,"H","J 1",3.5,1,null,3.5,0.66700000000000004,null,2.3344999999999998,-2.3344999999999998,0,2.3344999999999998,-2.3344999999999998,null,null,0]
[null,null,null,null,null,null,4,2,null,8,0.66700000000000004,null,5.3360000000000003,-5.3360000000000003,0,5.3360000000000003,-5.3360000000000003,null,null,0]
[null,null,null,null,null,null,4.4000000000000004,4,null,17.600000000000001,0.66700000000000004,23.316700000000001,11.7392,11.577500000000001,19.0853,7.5078000000000005,11.577500000000001,4.2313999999999998,4.2313999999999998,0]
[null,null,null,null,null,null,4.3,1,null,4.3,0.66700000000000004,null,2.8681000000000001,-2.8681000000000001,0,2.8681000000000001,-2.8681000000000001,null,null,0]
[null,null,null,null,null,null,"VID/2,50",1,1.05,1.05,0.66700000000000004,null,0.70040000000000002,-0.70040000000000002,0,0.70040000000000002,-0.70040000000000002,null,null,0]
[null,null,null,"Total 11",null,null,null,9,1.05,34.449999999999996,0.66700000000000004,23.316700000000001,22.978199999999998,0.33850000000000335,19.0853,18.746799999999997,0.33850000000000335,4.2313999999999998,4.2313999999999998,0]
[null,null,null,12,"H","J 1","VID/",0,0,0,0.69899999999999995,0.49659999999999999,0.49659999999999999,0,0.49659999999999999,0.49659999999999999,0,null,null,0]
[null,null,null,"Total 12",null,null,null,0,0,0,0.69899999999999995,0.49659999999999999,0.49659999999999999,0,0.49659999999999999,0.49659999999999999,0,null,null,0]
[null,null,null,13,"H","J 1",4,12,null,48,0.69299999999999995,null,33.264000000000003,-33.264000000000003,0,33.264000000000003,-33.264000000000003,null,null,0]
[null,null,null,null,null,null,4.0999999999999996,8,null,32.799999999999997,0.69299999999999995,58.220399999999998,22.730399999999999,35.489999999999995,58.220399999999998,22.730399999999999,35.489999999999995,null,null,0]
[null,null,null,null,null,null,"VID/4,00",1,1.8,1.8,0.69299999999999995,null,1.2474000000000001,-1.2474000000000001,0,1.2474000000000001,-1.2474000000000001,null,null,0]
[null,null,null,"Total 13",null,null,null,21,1.8,82.6,0.69299999999999995,58.220399999999998,57.241799999999998,0.97860000000000014,58.220399999999998,57.241799999999998,0.97860000000000014,null,null,0]
[null,null,null,14,"H","J 1",4,20,null,80,0.70499999999999996,57.8932,56.4,1.4932000000000016,57.8932,56.4,1.4932000000000016,null,null,0]
[null,null,null,null,null,null,"VID/4,10",1,0.82,0.82,0.70499999999999996,null,0.57809999999999995,-0.57809999999999995,0,0.57809999999999995,-0.57809999999999995,null,null,0]
[null,null,null,"Total 14",null,null,null,21,0.82,80.819999999999993,0.70499999999999996,57.8932,56.978099999999998,0.91510000000000247,57.8932,56.978099999999998,0.91510000000000247,null,null,0]
[null,"Total général",null,null,null,null,null,317,33.800000000000004,1209.9699999999998,0.68754838709677424,882.78699999999992,867.25240000000031,15.534599999999614,870.53269999999998,854.99810000000025,15.534599999999728,12.254300000000001,12.254300000000001,0]

{"sheet":"11_2016","index":2,"n_rows":79,"n_cols":15,"rows_kept":79,"cut":false,"hidden":false,"merged":[[0,1,0,14],[2,1,2,2],[2,3,2,5],[3,1,3,8],[4,1,4,2],[4,3,4,5],[4,6,4,8],[5,1,5,2],[5,3,5,5],[5,6,5,8],[6,1,6,8],[7,3,7,4],[7,6,7,7],[8,3,8,4],[8,6,8,7],[18,15,19,16],[79,2,79,3],[80,2,80,3]]}
[null,"Base de données - Stock Eau-de-Vie"]
[]
[null,"Date :",null,{"$f":"Choix","v":"EDV_11_2016"}]
[null,"Total AP"]
[null,"Avec RG*",null,"Sans RG",null,null,"RG seul"]
[null,{"$f":"Stock!B6","v":867.25240000000031},null,{"$f":"Stock!F6","v":854.99810000000025},null,null,{"$f":"Stock!I6","v":12.254300000000001}]
[null,"Evaporation"]
[null,"Manquants","%","Manquants",null,"%","Manquants",null,"%"]
[null,{"$f":"Stock!B9","v":15.534599999999614},{"$f":"Stock!E9","v":1.7597223339264868E-2},{"$f":"Stock!F9","v":15.534599999999728},null,{"$f":"Stock!H9","v":1.7844935635387076E-2},{"$f":"Stock!I9","v":0},null,{"$f":"Stock!K9","v":0}]
[]
[null,"Doit rester","RG N-1","Cru","Lieu","Récolte","Lot","N° Chai","Capacité des fûts","Nombre","Vidange","Vol total  (HL)","Degré","Sous-total AP","RG"]
[null,null,null,"PC","STE",9,"RM","STE 1","VID/3",7,2.5299999999999998,{"$f":"IF(EDV_11_2016[Vidange]=\"\",EDV_11_2016[Capacité des fûts]*EDV_11_2016[Nombre],EDV_11_2016[[#This Row],[Vidange]])","v":2.5299999999999998},0.8,{"$f":"ROUND(EDV_11_2016[Vol total  (HL)]*EDV_11_2016[Degré],4)","v":2.024}]
[null,null,null,"PC","STE",9,"RM","STE 1",3.6,8,null,{"$f":"IF(EDV_11_2016[Vidange]=\"\",EDV_11_2016[Capacité des fûts]*EDV_11_2016[Nombre],EDV_11_2016[[#This Row],[Vidange]])","v":28.8},0.8,{"$f":"ROUND(EDV_11_2016[Vol total  (HL)]*EDV_11_2016[Degré],4)","v":23.04}]
[null,null,null,"PC","STE",9,"RM","STE 1",3.5,10,null,{"$f":"IF(EDV_11_2016[Vidange]=\"\",EDV_11_2016[Capacité des fûts]*EDV_11_2016[Nombre],EDV_11_2016[[#This Row],[Vidange]])","v":35},0.8,{"$f":"ROUND(EDV_11_2016[Vol total  (HL)]*EDV_11_2016[Degré],4)","v":28}]
[null,0,null,"PC","STE",10,"H","STE 2","VID/4,00",0,0,{"$f":"IF(EDV_11_2016[Vidange]=\"\",EDV_11_2016[Capacité des fûts]*EDV_11_2016[Nombre],EDV_11_2016[[#This Row],[Vidange]])","v":0},null,{"$f":"ROUND(EDV_11_2016[Vol total  (HL)]*EDV_11_2016[Degré],4)","v":0}]
[null,null,null,"PC","STE",11,"H","STE 2","VID/4,00",1,1.2,{"$f":"IF(EDV_11_2016[Vidange]=\"\",EDV_11_2016[Capacité des fûts]*EDV_11_2016[Nombre],EDV_11_2016[[#This Row],[Vidange]])","v":1.2},0.68799999999999994,{"$f":"ROUND(EDV_11_2016[Vol total  (HL)]*EDV_11_2016[Degré],4)","v":0.8256}]
[null,27.864000000000001,8.0228999999999999,"PC","STE",11,"H","STE 2",4.0999999999999996,1,null,{"$f":"IF(EDV_11_2016[Vidange]=\"\",EDV_11_2016[Capacité des fûts]*EDV_11_2016[Nombre],EDV_11_2016[[#This Row],[Vidange]])","v":4.0999999999999996},0.68799999999999994,{"$f":"ROUND(EDV_11_2016[Vol total  (HL)]*EDV_11_2016[Degré],4)","v":2.8208000000000002},8.0228999999999999]
[null,null,null,"PC","STE",11,"H","STE 2",5,5,null,{"$f":"IF(EDV_11_2016[Vidange]=\"\",EDV_11_2016[Capacité des fûts]*EDV_11_2016[Nombre],EDV_11_2016[[#This Row],[Vidange]])","v":25},0.68799999999999994,{"$f":"ROUND(EDV_11_2016[Vol total  (HL)]*EDV_11_2016[Degré],4)","v":17.2}]
[null,null,null,"PC","STE",11,"H","STE 2",5.0999999999999996,2,null,{"$f":"IF(EDV_11_2016[Vidange]=\"\",EDV_11_2016[Capacité des fûts]*EDV_11_2016[Nombre],EDV_11_2016[[#This Row],[Vidange]])","v":10.199999999999999},0.68799999999999994,{"$f":"ROUND(EDV_11_2016[Vol total  (HL)]*EDV_11_2016[Degré],4)","v":7.0175999999999998}]
[null,0,null,"PC","STE",12,"H","STE 2","VID/",0,null,0,0.67500000000000004,{"$f":"ROUND(EDV_11_2016[Vol total  (HL)]*EDV_11_2016[Degré],4)","v":0}]
[null,2.2345000000000002,null,"PC","STE",12,"RM","STE 1","VID/",0,0,0,0.7,0]
[null,16.8613,null,"PC","STE",13,"H","STE 2","VID/",0,0,{"$f":"IF(EDV_11_2016[Vidange]=\"\",EDV_11_2016[Capacité des fûts]*EDV_11_2016[Nombre],EDV_11_2016[[#This Row],[Vidange]])","v":0},0.68799999999999994,16.8613]
[null,null,null,"PC","STE",13,"RM","STE 1","VID/3,55",1,0.25,{"$f":"IF(EDV_11_2016[Vidange]=\"\",EDV_11_2016[Capacité des fûts]*EDV_11_2016[Nombre],EDV_11_2016[[#This Row],[Vidange]])","v":0.25},0.70299999999999996,{"$f":"ROUND(EDV_11_2016[Vol total  (HL)]*EDV_11_2016[Degré],4)","v":0.17580000000000001}]
[null,75.033900000000003,null,"PC","STE",13,"RM","STE 1",3.5,4,null,{"$f":"IF(EDV_11_2016[Vidange]=\"\",EDV_11_2016[Capacité des fûts]*EDV_11_2016[Nombre],EDV_11_2016[[#This Row],[Vidange]])","v":14},0.70299999999999996,{"$f":"ROUND(EDV_11_2016[Vol total  (HL)]*EDV_11_2016[Degré],4)","v":9.8420000000000005}]
[null,null,null,"PC","STE",13,"RM","STE 1",3.55,13,null,{"$f":"IF(EDV_11_2016[Vidange]=\"\",EDV_11_2016[Capacité des fûts]*EDV_11_2016[Nombre],EDV_11_2016[[#This Row],[Vidange]])","v":46.15},0.70299999999999996,{"$f":"ROUND(EDV_11_2016[Vol total  (HL)]*EDV_11_2016[Degré],4)","v":32.4435}]
[null,null,null,"PC","STE",13,"RM","STE 1",3.6,11,null,{"$f":"IF(EDV_11_2016[Vidange]=\"\",EDV_11_2016[Capacité des fûts]*EDV_11_2016[Nombre],EDV_11_2016[[#This Row],[Vidange]])","v":39.6},0.70299999999999996,{"$f":"ROUND(EDV_11_2016[Vol total  (HL)]*EDV_11_2016[Degré],4)","v":27.838799999999999}]
[null,null,null,"PC","STE",13,"RM","STE 1",3.75,1,null,{"$f":"IF(EDV_11_2016[Vidange]=\"\",EDV_11_2016[Capacité des fûts]*EDV_11_2016[Nombre],EDV_11_2016[[#This Row],[Vidange]])","v":3.75},0.70299999999999996,{"$f":"ROUND(EDV_11_2016[Vol total  (HL)]*EDV_11_2016[Degré],4)","v":2.6362999999999999}]
[null,null,null,"PC","STE",14,"H","STE 2","VID/4,00",1,2.5299999999999998,{"$f":"IF(EDV_11_2016[Vidange]=\"\",EDV_11_2016[Capacité des fûts]*EDV_11_2016[Nombre],EDV_11_2016[[#This Row],[Vidange]])","v":2.5299999999999998},0.70699999999999996,{"$f":"ROUND(EDV_11_2016[Vol total  (HL)]*EDV_11_2016[Degré],4)","v":1.7887}]
[null,null,null,"PC","STE",14,"H","STE 2","PE/4,00",1,4,{"$f":"IF(EDV_11_2016[Vidange]=\"\",EDV_11_2016[Capacité des fûts]*EDV_11_2016[Nombre],EDV_11_2016[[#This Row],[Vidange]])","v":4},0.378,{"$f":"ROUND(EDV_11_2016[Vol total  (HL)]*EDV_11_2016[Degré],4)","v":1.512}]
[null,148.16499999999999,null,"PC","STE",14,"H","STE 2",4,29,null,{"$f":"IF(EDV_11_2016[Vidange]=\"\",EDV_11_2016[Capacité des fûts]*EDV_11_2016[Nombre],EDV_11_2016[[#This Row],[Vidange]])","v":116},0.70699999999999996,{"$f":"ROUND(EDV_11_2016[Vol total  (HL)]*EDV_11_2016[Degré],4)","v":82.012}]
[null,null,null,"PC","STE",14,"H","STE 2",4.0999999999999996,9,null,{"$f":"IF(EDV_11_2016[Vidange]=\"\",EDV_11_2016[Capacité des fûts]*EDV_11_2016[Nombre],EDV_11_2016[[#This Row],[Vidange]])","v":36.9},0.70699999999999996,{"$f":"ROUND(EDV_11_2016[Vol total  (HL)]*EDV_11_2016[Degré],4)","v":26.0883}]
[null,null,null,"PC","STE",14,"H","STE 2",5.2,10,null,{"$f":"IF(EDV_11_2016[Vidange]=\"\",EDV_11_2016[Capacité des fûts]*EDV_11_2016[Nombre],EDV_11_2016[[#This Row],[Vidange]])","v":52},0.70699999999999996,{"$f":"ROUND(EDV_11_2016[Vol total  (HL)]*EDV_11_2016[Degré],4)","v":36.764000000000003}]
[null,null,null,"PC","STE",14,"RM","STE 1","VID/3,45",1,1.44,{"$f":"IF(EDV_11_2016[Vidange]=\"\",EDV_11_2016[Capacité des fûts]*EDV_11_2016[Nombre],EDV_11_2016[[#This Row],[Vidange]])","v":1.44},0.70699999999999996,{"$f":"ROUND(EDV_11_2016[Vol total  (HL)]*EDV_11_2016[Degré],4)","v":1.0181}]
[null,75.757000000000005,null,"PC","STE",14,"RM","STE 1",3.45,12,null,{"$f":"IF(EDV_11_2016[Vidange]=\"\",EDV_11_2016[Capacité des fûts]*EDV_11_2016[Nombre],EDV_11_2016[[#This Row],[Vidange]])","v":41.400000000000006},0.70699999999999996,{"$f":"ROUND(EDV_11_2016[Vol total  (HL)]*EDV_11_2016[Degré],4)","v":29.2698}]
[null,null,null,"PC","STE",14,"RM","STE 1",3.5,15,null,{"$f":"IF(EDV_11_2016[Vidange]=\"\",EDV_11_2016[Capacité des fûts]*EDV_11_2016[Nombre],EDV_11_2016[[#This Row],[Vidange]])","v":52.5},0.70699999999999996,{"$f":"ROUND(EDV_11_2016[Vol total  (HL)]*EDV_11_2016[Degré],4)","v":37.1175}]
[null,null,null,"PC","STE",14,"RM","STE 1",3.55,2,null,{"$f":"IF(EDV_11_2016[Vidange]=\"\",EDV_11_2016[Capacité des fûts]*EDV_11_2016[Nombre],EDV_11_2016[[#This Row],[Vidange]])","v":7.1},0.70699999999999996,{"$f":"ROUND(EDV_11_2016[Vol total  (HL)]*EDV_11_2016[Degré],4)","v":5.0197000000000003}]
[null,null,null,"PC","STE",15,"H","STE 2","VID/4,03",null,2.2599999999999998,{"$f":"IF(EDV_11_2016[Vidange]=\"\",EDV_11_2016[Capacité des fûts]*EDV_11_2016[Nombre],EDV_11_2016[[#This Row],[Vidange]])","v":2.2599999999999998},0.71199999999999997,{"$f":"ROUND(EDV_11_2016[Vol total  (HL)]*EDV_11_2016[Degré],4)","v":1.6091}]
[null,null,null,"PC","STE",15,"H","STE 2","T80",null,3.34,{"$f":"IF(EDV_11_2016[Vidange]=\"\",EDV_11_2016[Capacité des fûts]*EDV_11_2016[Nombre],EDV_11_2016[[#This Row],[Vidange]])","v":3.34},0.71199999999999997,{"$f":"ROUND(EDV_11_2016[Vol total  (HL)]*EDV_11_2016[Degré],4)","v":2.3780999999999999}]
[null,null,null,"PC","STE",15,"H","STE 2","T 61 ",null,4.04,{"$f":"IF(EDV_11_2016[Vidange]=\"\",EDV_11_2016[Capacité des fûts]*EDV_11_2016[Nombre],EDV_11_2016[[#This Row],[Vidange]])","v":4.04},0.71199999999999997,{"$f":"ROUND(EDV_11_2016[Vol total  (HL)]*EDV_11_2016[Degré],4)","v":2.8765000000000001}]
[null,130.44120000000001,null,"PC","STE",15,"H","STE 2",4.0999999999999996,6,null,{"$f":"IF(EDV_11_2016[Vidange]=\"\",EDV_11_2016[Capacité des fûts]*EDV_11_2016[Nombre],EDV_11_2016[[#This Row],[Vidange]])","v":24.599999999999998},0.71199999999999997,{"$f":"ROUND(EDV_11_2016[Vol total  (HL)]*EDV_11_2016[Degré],4)","v":17.5152}]
[null,null,null,"PC","STE",15,"H","STE 2",4.03,37,null,{"$f":"IF(EDV_11_2016[Vidange]=\"\",EDV_11_2016[Capacité des fûts]*EDV_11_2016[Nombre],EDV_11_2016[[#This Row],[Vidange]])","v":149.11000000000001},0.71199999999999997,{"$f":"ROUND(EDV_11_2016[Vol total  (HL)]*EDV_11_2016[Degré],4)","v":106.16630000000001}]
[null,77.430000000000007,null,"PC","STE",15,"RM","STE 1",3.6,1,null,{"$f":"IF(EDV_11_2016[Vidange]=\"\",EDV_11_2016[Capacité des fûts]*EDV_11_2016[Nombre],EDV_11_2016[[#This Row],[Vidange]])","v":3.6},0.70299999999999996,{"$f":"ROUND(EDV_11_2016[Vol total  (HL)]*EDV_11_2016[Degré],4)","v":2.5308000000000002}]
[null,null,null,"PC","STE",15,"RM","STE 1",3.55,20,null,{"$f":"IF(EDV_11_2016[Vidange]=\"\",EDV_11_2016[Capacité des fûts]*EDV_11_2016[Nombre],EDV_11_2016[[#This Row],[Vidange]])","v":71},0.70299999999999996,{"$f":"ROUND(EDV_11_2016[Vol total  (HL)]*EDV_11_2016[Degré],4)","v":49.912999999999997}]
[null,null,null,"PC","STE",15,"RM","STE 1",3.5,5,null,{"$f":"IF(EDV_11_2016[Vidange]=\"\",EDV_11_2016[Capacité des fûts]*EDV_11_2016[Nombre],EDV_11_2016[[#This Row],[Vidange]])","v":17.5},0.70299999999999996,{"$f":"ROUND(EDV_11_2016[Vol total  (HL)]*EDV_11_2016[Degré],4)","v":12.3025}]
[null,null,null,"PC","STE",15,"RM","STE 2",4.03,4,null,{"$f":"IF(EDV_11_2016[Vidange]=\"\",EDV_11_2016[Capacité des fûts]*EDV_11_2016[Nombre],EDV_11_2016[[#This Row],[Vidange]])","v":16.12},0.70299999999999996,{"$f":"ROUND(EDV_11_2016[Vol total  (HL)]*EDV_11_2016[Degré],4)","v":11.3324}]
[null,0.94920000000000004,null,"PC","STE",93,"C 010","STE 2","VID/2,50",1,2.2599999999999998,{"$f":"IF(EDV_11_2016[Vidange]=\"\",EDV_11_2016[Capacité des fûts]*EDV_11_2016[Nombre],EDV_11_2016[[#This Row],[Vidange]])","v":2.2599999999999998},0.42,{"$f":"ROUND(EDV_11_2016[Vol total  (HL)]*EDV_11_2016[Degré],4)","v":0.94920000000000004}]
[null,1.5210999999999999,null,"PC","STE",94,"C 010","STE 2","VID/3,40",1,2.65,{"$f":"IF(EDV_11_2016[Vidange]=\"\",EDV_11_2016[Capacité des fûts]*EDV_11_2016[Nombre],EDV_11_2016[[#This Row],[Vidange]])","v":2.65},0.57399999999999995,{"$f":"ROUND(EDV_11_2016[Vol total  (HL)]*EDV_11_2016[Degré],4)","v":1.5210999999999999}]
[null,6.9999999999999999E-4,null,"GC","Juillac",10,"H","J 1","VID/5,20",0,0,{"$f":"IF(EDV_11_2016[Vidange]=\"\",EDV_11_2016[Capacité des fûts]*EDV_11_2016[Nombre],EDV_11_2016[[#This Row],[Vidange]])","v":0},0.67200000000000004,6.9999999999999999E-4]
[null,null,null,"GC","Juillac",11,"H","J 1","VID/2,50",1,1.05,{"$f":"IF(EDV_11_2016[Vidange]=\"\",EDV_11_2016[Capacité des fûts]*EDV_11_2016[Nombre],EDV_11_2016[[#This Row],[Vidange]])","v":1.05},0.66700000000000004,{"$f":"ROUND(EDV_11_2016[Vol total  (HL)]*EDV_11_2016[Degré],4)","v":0.70040000000000002}]
[null,23.316700000000001,4.2313999999999998,"GC","Juillac",11,"H","J 1",4.4000000000000004,4,null,{"$f":"IF(EDV_11_2016[Vidange]=\"\",EDV_11_2016[Capacité des fûts]*EDV_11_2016[Nombre],EDV_11_2016[[#This Row],[Vidange]])","v":17.600000000000001},0.66700000000000004,{"$f":"ROUND(EDV_11_2016[Vol total  (HL)]*EDV_11_2016[Degré],4)","v":11.7392},4.2313999999999998]
[1,null,null,"GC","Juillac",11,"H","J 1",4.3,1,null,{"$f":"IF(EDV_11_2016[Vidange]=\"\",EDV_11_2016[Capacité des fûts]*EDV_11_2016[Nombre],EDV_11_2016[[#This Row],[Vidange]])","v":4.3},0.66700000000000004,{"$f":"ROUND(EDV_11_2016[Vol total  (HL)]*EDV_11_2016[Degré],4)","v":2.8681000000000001}]
[null,null,null,"GC","Juillac",11,"H","J 1",4,2,null,{"$f":"IF(EDV_11_2016[Vidange]=\"\",EDV_11_2016[Capacité des fûts]*EDV_11_2016[Nombre],EDV_11_2016[[#This Row],[Vidange]])","v":8},0.66700000000000004,{"$f":"ROUND(EDV_11_2016[Vol total  (HL)]*EDV_11_2016[Degré],4)","v":5.3360000000000003}]
[null,null,null,"GC","Juillac",11,"H","J 1",3.5,1,null,{"$f":"IF(EDV_11_2016[Vidange]=\"\",EDV_11_2016[Capacité des fûts]*EDV_11_2016[Nombre],EDV_11_2016[[#This Row],[Vidange]])","v":3.5},0.66700000000000004,{"$f":"ROUND(EDV_11_2016[Vol total  (HL)]*EDV_11_2016[Degré],4)","v":2.3344999999999998}]
[null,0,null,"GC","STE",11,"RM","STE 2","VID/4,00",0,0,{"$f":"IF(EDV_11_2016[Vidange]=\"\",EDV_11_2016[Capacité des fûts]*EDV_11_2016[Nombre],EDV_11_2016[[#This Row],[Vidange]])","v":0},null,{"$f":"ROUND(EDV_11_2016[Vol total  (HL)]*EDV_11_2016[Degré],4)","v":0}]
[null,0.49659999999999999,null,"GC","Juillac",12,"H","J 1","VID/",0,0,{"$f":"IF(EDV_11_2016[Vidange]=\"\",EDV_11_2016[Capacité des fûts]*EDV_11_2016[Nombre],EDV_11_2016[[#This Row],[Vidange]])","v":0},0.69899999999999995,0.49659999999999999]
[null,1.4601,null,"GC","STE",12,"RM","STE 1","VID/",0,0,{"$f":"IF(EDV_11_2016[Vidange]=\"\",EDV_11_2016[Capacité des fûts]*EDV_11_2016[Nombre],EDV_11_2016[[#This Row],[Vidange]])","v":0},0.70299999999999996,0]
[null,null,null,"GC","Juillac",13,"H","J 1","VID/4,00",1,1.8,{"$f":"IF(EDV_11_2016[Vidange]=\"\",EDV_11_2016[Capacité des fûts]*EDV_11_2016[Nombre],EDV_11_2016[[#This Row],[Vidange]])","v":1.8},0.69299999999999995,{"$f":"ROUND(EDV_11_2016[Vol total  (HL)]*EDV_11_2016[Degré],4)","v":1.2474000000000001}]
[null,58.220399999999998,null,"GC","Juillac",13,"H","J 1",4.0999999999999996,8,null,{"$f":"IF(EDV_11_2016[Vidange]=\"\",EDV_11_2016[Capacité des fûts]*EDV_11_2016[Nombre],EDV_11_2016[[#This Row],[Vidange]])","v":32.799999999999997},0.69299999999999995,{"$f":"ROUND(EDV_11_2016[Vol total  (HL)]*EDV_11_2016[Degré],4)","v":22.730399999999999}]
[null,null,null,"GC","Juillac",13,"H","J 1",4,12,null,{"$f":"IF(EDV_11_2016[Vidange]=\"\",EDV_11_2016[Capacité des fûts]*EDV_11_2016[Nombre],EDV_11_2016[[#This Row],[Vidange]])","v":48},0.69299999999999995,{"$f":"ROUND(EDV_11_2016[Vol total  (HL)]*EDV_11_2016[Degré],4)","v":33.264000000000003}]
[null,42.781999999999996,null,"GC","STE",13,"RM","STE 1",2,1,null,{"$f":"IF(EDV_11_2016[Vidange]=\"\",EDV_11_2016[Capacité des fûts]*EDV_11_2016[Nombre],EDV_11_2016[[#This Row],[Vidange]])","v":2},0.70099999999999996,{"$f":"ROUND(EDV_11_2016[Vol total  (HL)]*EDV_11_2016[Degré],4)","v":1.4019999999999999}]
[null,null,null,"GC","STE",13,"RM","STE 1",3.2,1,null,{"$f":"IF(EDV_11_2016[Vidange]=\"\",EDV_11_2016[Capacité des fûts]*EDV_11_2016[Nombre],EDV_11_2016[[#This Row],[Vidange]])","v":3.2},0.70099999999999996,{"$f":"ROUND(EDV_11_2016[Vol total  (HL)]*EDV_11_2016[Degré],4)","v":2.2431999999999999}]
[null,null,null,"GC","STE",13,"RM","STE 1",3.5,2,null,{"$f":"IF(EDV_11_2016[Vidange]=\"\",EDV_11_2016[Capacité des fûts]*EDV_11_2016[Nombre],EDV_11_2016[[#This Row],[Vidange]])","v":7},0.70099999999999996,{"$f":"ROUND(EDV_11_2016[Vol total  (HL)]*EDV_11_2016[Degré],4)","v":4.907}]
[null,null,null,"GC","STE",13,"RM","STE 1",3.55,6,null,{"$f":"IF(EDV_11_2016[Vidange]=\"\",EDV_11_2016[Capacité des fûts]*EDV_11_2016[Nombre],EDV_11_2016[[#This Row],[Vidange]])","v":21.299999999999997},0.70099999999999996,{"$f":"ROUND(EDV_11_2016[Vol total  (HL)]*EDV_11_2016[Degré],4)","v":14.9313}]
[null,null,null,"GC","STE",13,"RM","STE 1",3.6,6,null,{"$f":"IF(EDV_11_2016[Vidange]=\"\",EDV_11_2016[Capacité des fûts]*EDV_11_2016[Nombre],EDV_11_2016[[#This Row],[Vidange]])","v":21.6},0.70099999999999996,{"$f":"ROUND(EDV_11_2016[Vol total  (HL)]*EDV_11_2016[Degré],4)","v":15.1416}]
[null,null,null,"GC","STE",13,"RM","STE 1",3.65,1,null,{"$f":"IF(EDV_11_2016[Vidange]=\"\",EDV_11_2016[Capacité des fûts]*EDV_11_2016[Nombre],EDV_11_2016[[#This Row],[Vidange]])","v":3.65},0.70099999999999996,{"$f":"ROUND(EDV_11_2016[Vol total  (HL)]*EDV_11_2016[Degré],4)","v":2.5587}]
[null,null,null,"GC","Juillac",14,"H","J 1","VID/4,10",1,0.82,{"$f":"IF(EDV_11_2016[Vidange]=\"\",EDV_11_2016[Capacité des fûts]*EDV_11_2016[Nombre],EDV_11_2016[[#This Row],[Vidange]])","v":0.82},0.70499999999999996,{"$f":"ROUND(EDV_11_2016[Vol total  (HL)]*EDV_11_2016[Degré],4)","v":0.57809999999999995}]
[null,57.8932,null,"GC","Juillac",14,"H","J 1",4,20,null,{"$f":"IF(EDV_11_2016[Vidange]=\"\",EDV_11_2016[Capacité des fûts]*EDV_11_2016[Nombre],EDV_11_2016[[#This Row],[Vidange]])","v":80},0.70499999999999996,{"$f":"ROUND(EDV_11_2016[Vol total  (HL)]*EDV_11_2016[Degré],4)","v":56.4}]
[null,null,null,"GC","STE",14,"RM","STE 1","VID/3,55",1,1.44,{"$f":"IF(EDV_11_2016[Vidange]=\"\",EDV_11_2016[Capacité des fûts]*EDV_11_2016[Nombre],EDV_11_2016[[#This Row],[Vidange]])","v":1.44},0.70699999999999996,{"$f":"ROUND(EDV_11_2016[Vol total  (HL)]*EDV_11_2016[Degré],4)","v":1.0181}]
[null,43.627000000000002,null,"GC","STE",14,"RM","STE 1",3.45,4,null,{"$f":"IF(EDV_11_2016[Vidange]=\"\",EDV_11_2016[Capacité des fûts]*EDV_11_2016[Nombre],EDV_11_2016[[#This Row],[Vidange]])","v":13.8},0.70699999999999996,{"$f":"ROUND(EDV_11_2016[Vol total  (HL)]*EDV_11_2016[Degré],4)","v":9.7566000000000006}]
[null,null,null,"GC","STE",14,"RM","STE 1",3.5,11,null,{"$f":"IF(EDV_11_2016[Vidange]=\"\",EDV_11_2016[Capacité des fûts]*EDV_11_2016[Nombre],EDV_11_2016[[#This Row],[Vidange]])","v":38.5},0.70699999999999996,{"$f":"ROUND(EDV_11_2016[Vol total  (HL)]*EDV_11_2016[Degré],4)","v":27.2195}]
[null,null,null,"GC","STE",14,"RM","STE 1",3.55,2,null,{"$f":"IF(EDV_11_2016[Vidange]=\"\",EDV_11_2016[Capacité des fûts]*EDV_11_2016[Nombre],EDV_11_2016[[#This Row],[Vidange]])","v":7.1},0.70699999999999996,{"$f":"ROUND(EDV_11_2016[Vol total  (HL)]*EDV_11_2016[Degré],4)","v":5.0197000000000003}]
[null,null,null,"GC","STE",15,"H","STE 2","VID/4,10",1,2.08,{"$f":"IF(EDV_11_2016[Vidange]=\"\",EDV_11_2016[Capacité des fûts]*EDV_11_2016[Nombre],EDV_11_2016[[#This Row],[Vidange]])","v":2.08},0.71299999999999997,{"$f":"ROUND(EDV_11_2016[Vol total  (HL)]*EDV_11_2016[Degré],4)","v":1.4830000000000001}]
[null,53.207999999999998,null,"GC","STE",15,"H","STE 2",4.03,18,null,{"$f":"IF(EDV_11_2016[Vidange]=\"\",EDV_11_2016[Capacité des fûts]*EDV_11_2016[Nombre],EDV_11_2016[[#This Row],[Vidange]])","v":72.540000000000006},0.71299999999999997,{"$f":"ROUND(EDV_11_2016[Vol total  (HL)]*EDV_11_2016[Degré],4)","v":51.720999999999997}]
[null,null,null,"GC","STE",15,"RM","STE 1","VID/3,55",1,2.64,{"$f":"IF(EDV_11_2016[Vidange]=\"\",EDV_11_2016[Capacité des fûts]*EDV_11_2016[Nombre],EDV_11_2016[[#This Row],[Vidange]])","v":2.64},0.70799999999999996,{"$f":"ROUND(EDV_11_2016[Vol total  (HL)]*EDV_11_2016[Degré],4)","v":1.8691}]
[null,45.525100000000002,null,"GC","STE",15,"RM","STE 1",3.65,3,null,{"$f":"IF(EDV_11_2016[Vidange]=\"\",EDV_11_2016[Capacité des fûts]*EDV_11_2016[Nombre],EDV_11_2016[[#This Row],[Vidange]])","v":10.95},0.70799999999999996,{"$f":"ROUND(EDV_11_2016[Vol total  (HL)]*EDV_11_2016[Degré],4)","v":7.7526000000000002}]
[null,null,null,"GC","STE",15,"RM","STE 1",3.6,4,null,{"$f":"IF(EDV_11_2016[Vidange]=\"\",EDV_11_2016[Capacité des fûts]*EDV_11_2016[Nombre],EDV_11_2016[[#This Row],[Vidange]])","v":14.4},0.70799999999999996,{"$f":"ROUND(EDV_11_2016[Vol total  (HL)]*EDV_11_2016[Degré],4)","v":10.1952}]
[null,null,null,"GC","STE",15,"RM","STE 1",3.55,6,null,{"$f":"IF(EDV_11_2016[Vidange]=\"\",EDV_11_2016[Capacité des fûts]*EDV_11_2016[Nombre],EDV_11_2016[[#This Row],[Vidange]])","v":21.299999999999997},0.70799999999999996,{"$f":"ROUND(EDV_11_2016[Vol total  (HL)]*EDV_11_2016[Degré],4)","v":15.080399999999999}]
[null,null,null,"GC","STE",15,"RM","STE 1",3.5,4,null,{"$f":"IF(EDV_11_2016[Vidange]=\"\",EDV_11_2016[Capacité des fûts]*EDV_11_2016[Nombre],EDV_11_2016[[#This Row],[Vidange]])","v":14},0.70799999999999996,{"$f":"ROUND(EDV_11_2016[Vol total  (HL)]*EDV_11_2016[Degré],4)","v":9.9120000000000008}]
[null,{"$f":"SUBTOTAL(109,EDV_11_2016[Doit rester])","v":882.78700000000003},null,null,null,null,null,null,null,{"$f":"SUBTOTAL(109,EDV_11_2016[Nombre])","v":342},null,{"$f":"SUBTOTAL(109,EDV_11_2016[Vol total  (HL)])","v":1276.3},null,{"$f":"SUBTOTAL(109,EDV_11_2016[Sous-total AP])","v":920.31640000000039},{"$f":"SUBTOTAL(109,EDV_11_2016[RG])","v":12.254300000000001}]